01448cam a22003257a 450000500170000000800410001701000170005802000250007503500170010003500130011703700140013004000170014408200100016110000240017124500570019526000380025227000700029030000360036049000150039650000810041150400590049252002850055165000490083665000480088565000320093365000320096565000450099771000390104283000410108120090121141037.0041027s2004 dcua j b 001 0 eng d aB-330276-289 a9788179913062c55.00 aB-330276-289 aB-358510 bPublisher adplbEnglish a612.1 aJohnson, Rebecca L. aRespiration and circulation /cby Rebecca L. Johnson aMumbaibPopular Prakashancc2004. a301, Mahalaxmi Chambers, 22 Bhulabhai Desai RoadbMumbaie400 026 a32p. bcol. ill. c23cm. (pbk) aHuman body aOriginally published by National Geographic under reading expeditions series aIncludes bibliographical references (p. 30) and index. aOverview of the respiratory and circulatory systems, with an explanation of how these systems bring oxygen to the body's cells and carry wastes away. Explores the major parts of each system and describes how scientists are working to find replacements for what fails or wears out. aCardiopulmonary systemvJuvenile literature. aCardiovascular systemvJuvenile literature. aLungsvJuvenile literature. aHeartvJuvenile literature. aBloodxCirculationvJuvenile literature. aNational Geographic Society (U.S.) aHuman body series (Washington, D.C.)